| 000 | 00896nam a2200265Ia 4500 | ||
|---|---|---|---|
| 003 | OSt | ||
| 005 | 20220918171009.0 | ||
| 006 | a|||||r|||| 00| 0 | ||
| 007 | ta | ||
| 008 | 220917b |||||||| |||| 00| 0 eng d | ||
| 020 |
_a9781119062509 (hbk) _c3665.17 |
||
| 024 | _a287,001 | ||
| 037 |
_b1026042, 29/12/2015, Atlantic Publisher & Dist.Pvt.Ltd. _cTextual |
||
| 040 |
_aARTS _cARTS _beng |
||
| 041 |
_2eng _aeng |
||
| 082 | _aO111,3:g(S:526), P1;Q2 | ||
| 100 |
_aPunter David Ed. _932989 |
||
| 245 | 0 | _aNew companion to the gothic | |
| 260 |
_aWest Sussax _b John Wiley & Sons UK _c2015 |
||
| 300 |
_axvi, 549p. _ccm. |
||
| 490 | _aBlackwell companions to literature and culture | ||
| 650 | _aENGLISH LITERATURE | ||
| 942 |
_hO111,3:g(S:526), P1;Q2 _cTEXL _2CC |
||
| 999 |
_c137177 _d137177 |
||